000 00558nam a2200181Ia 4500
008 190427s9999 xx 000 0 und d
100 _aSchmidt, Cecil
245 _aSynthesizing Agile and knowledge Discovery: Case Study Result /
245 _cCecil Schmidt and Wenying Nan Sun.--
260 _bTaylor and Francis Group
260 _c2018
300 _apages 142-150, 2018
440 _aJournal of Computer Inforamation System
_v58(2)
650 _aCase study
650 _aData Mining
650 _aKnowledge Discovery
650 _aProcess models
999 _c361720
_d361720